|
|
|
|
| LEADER |
00000nam0a2200000 4500 |
| 001 |
38548 |
| 005 |
20231101210515.0 |
| 010 |
|
|
|a 5279014850
|
| 035 |
|
|
|a (RuTPU)RU\TPU\book\39326
|
| 035 |
|
|
|a RU\TPU\book\2909
|
| 090 |
|
|
|a 38548
|
| 100 |
|
|
|a 20020311d1996 m y0rusy50 ca
|
| 101 |
0 |
|
|a rus
|
| 102 |
|
|
|a RU
|
| 105 |
|
|
|a a z 000zy
|
| 200 |
1 |
|
|a Компьютерная графика: первое знакомство
|f А. В. Боресков, Е. В. Шикин, Г. Е. Шикина
|
| 210 |
|
|
|a М
|c Финансы и статистика
|d 1996
|
| 215 |
|
|
|a 174 с.
|c ил.
|
| 225 |
1 |
|
|a Диалог с компьютером
|
| 606 |
|
|
|a Компьютеры персональные
|2 stltpush
|3 (RuTPU)RU\TPU\subj\15186
|9 41451
|
| 610 |
1 |
|
|a компьютерная графика
|
| 610 |
1 |
|
|a компьютерные игры
|
| 675 |
|
|
|a 681.322-181.4
|v 3
|
| 700 |
|
1 |
|a Боресков
|b А. В.
|g Алексей Викторович
|
| 701 |
|
1 |
|a Шикин
|b Е. В.
|g Евгений Викторович
|
| 701 |
|
1 |
|a Шикина
|b Г. Е.
|g Гузель Евгеньевна
|
| 801 |
|
0 |
|a RU
|b 63413507
|c 20011209
|g PSBO
|
| 801 |
|
2 |
|a RU
|b 63413507
|c 20200613
|g PSBO
|
| 942 |
|
|
|c BK
|